Letisko M.R. Štefánika, Bratislava

Salvato in:
Dettagli Bibliografici
Autore principale: Šinský, Adam (Autore)
Altri autori: Makýš, Peter (Relatore della tesi)
Natura: Manoscritto Libro
Lingua:slovacco
Pubblicazione: 2019
Soggetti:
Accesso online:http://is.stuba.sk/zp/portal_zp.pl?podrobnosti=145207
https://opac.crzp.sk/?fn=detailBiblioForm&sid=9F8942B94996237AA2F51EF666DC
Tags: Aggiungi Tag
Nessun Tag, puoi essere il primo ad aggiungerne!!

MARC

LEADER 00000ntm a22000003a 4500
001 stuzp73938
003 SK-STU
005 20230609115527.4
007 ta
008 150427s2015----xo-----f-mn---000-0-slo-d
040 |a STU  |b slo 
041 0 |a slo 
100 1 |a Šinský, Adam  |u 010270  |k Z4  |4 aut  |U SvF Stavebná fakulta  |T SvF Katedra technológie stavieb  |X 9976  |U V270  |Y 28  |7 9976 
242 0 1 |a M. R. Štefánik Airport, Bratislava  |y eng 
245 1 0 |a Letisko M.R. Štefánika, Bratislava 
260 |c 2019 
650 4 |a Letisko M.R.Štefánika  |2 slo 
650 4 |a Projekt organizácie výstavby  |2 slo 
650 4 |a Využitie elektrického ohrevu potrubia dočasne vedeného na teréne  |2 slo 
650 4 |a Airport Bratislava  |2 eng 
650 4 |a Construction site project  |2 eng 
650 4 |a Usage of electric heating on the pipe placed on the surface  |2 eng 
700 1 |a Makýš, Peter  |u 010270  |k Z1  |4 ths  |U SvF Stavebná fakulta  |T SvF Katedra technológie stavieb  |X 2751  |U V270  |Y 28  |7 A000002751 
856 4 |u http://is.stuba.sk/zp/portal_zp.pl?podrobnosti=145207 
856 4 |u https://opac.crzp.sk/?fn=detailBiblioForm&sid=9F8942B94996237AA2F51EF666DC